[Event "Irish Championship 2004"]
[Site "Limerick IRL"]
[Date "2004.07.14"]
[Round "5"]
[White "Keogh, Eamon"]
[Black "Soh, Edmund"]
[Result "1/2-1/2"]
[WhiteTitle "NM"]
[WhiteElo "2123"]
[BlackElo "2068"]
[WhiteICU "1938"]
[WhiteClub "Kilkenny"]
[BlackNationality "ENG"]
[WhiteFideId "2500264"]
[BlackFideId "408964"]
[WhiteICUId "731"]
[PlyCount "62"]
[Venue "Kilmurry Lodge Hotel, Dublin Rd, N7, Castletroy, Limerick"]
[EventDate "2004.07.10"]
[Source "ICU games archive"]

{ Event information: <a
href="https://www.irlchess.com/irlch2004_allfiles/pairings_irlch2004.html">Tournament
report</a>. }

1. e4 d6 2. f4 d5 3. e5 c5 4. c3 Nc6 5. d3 h5 6. Be2 g6 7. Na3 Nh6 8. Nc2
Bf5 9. Nf3 e6 10. O-O Bg4 11. Ne3 Bxf3 12. Bxf3 Nf5 13. Nxf5 gxf5 14. Qa4
Qa5 15. Qxa5 Nxa5 16. Rb1 Rc8 17. Bd1 b5 18. Be3 a6 19. Rf3 h4 20. Rh3 Be7
21. Bf2 Kd7 22. Kf1 Nc6 23. g3 hxg3 24. Rxh8 Rxh8 25. Bxg3 f6 26. exf6 Bxf6
27. Bf3 Kd6 28. a3 e5 29. fxe5+ Bxe5 30. Kg2 Bxg3 31. hxg3 Ne5 1/2-1/2

[Event "Irish Championship 2004"]
[Site "Limerick IRL"]
[Date "2004.07.14"]
[Round "5"]
[White "McPhillips, Karl"]
[Black "Jones, Gawain"]
[Result "0-1"]
[BlackTitle "FM"]
[WhiteElo "2172"]
[BlackElo "2453"]
[WhiteICU "2099"]
[WhiteClub "Kilkenny"]
[WhiteNationality "IRL"]
[BlackNationality "ENG"]
[WhiteFideId "2501503"]
[BlackFideId "409561"]
[WhiteICUId "5243"]
[BlackICUId "7685"]
[PlyCount "94"]
[Venue "Kilmurry Lodge Hotel, Dublin Rd, N7, Castletroy, Limerick"]
[EventDate "2004.07.10"]
[Source "ICU games archive"]

{ Annotator: Gerry Graham, <a
href="https://www.irlchess.com/irlch2004_allfiles/gerrygrahamreports/bulletin5.htm">Round
5 bulletin</a>. } { Event information: <a
href="https://www.irlchess.com/irlch2004_allfiles/pairings_irlch2004.html">Tournament
report</a>. }

1. d4 Nf6 2. c4 c5 3. d5 b5 4. cxb5 a6 5. bxa6 g6 6. Nc3 Bxa6 7. e4 Bxf1 8.
Kxf1 d6 9. Nf3 Bg7 10. g3 O-O 11. Kg2 Nbd7 12. Re1 Ra6 13. Qc2 Qa8 14. a4
Rb8 15. b3 e6 16. dxe6 fxe6 17. Rb1 d5 18. exd5 exd5 19. Bf4 Rb4 20. Nb5
Rb6 21. Nc7 Qb7 22. a5 Rxf4 23. axb6 Rxf3 24. Kxf3 d4+ 25. Ke2 Qxb6 26.
Qc4+ Kh8 27. Nd5 Qe6+ 28. Ne3 Qe4 29. Rbd1 Ne5 30. Qc2 Qf3+ 31. Kf1 Qh1+
32. Ke2 Qf3+ 33. Kf1 Qh1+ 34. Ke2 Qa8 35. Nc4 Qf3+ 36. Kf1 d3 37. Rxd3 Nxd3
38. Re3 Qh1+ 39. Ke2 Nxf2 40. Qd2 N2e4 41. Qd8+ Ng8 42. Nd6 Qxh2+ 43. Kd3
Nxd6 44. Qxd6 Qb2 45. Qxc5 Qxb3+ 46. Ke2 Qb2+ 47. Kf3 Bd4 0-1

[Event "Irish Championship 2004"]
[Site "Limerick IRL"]
[Date "2004.07.14"]
[Round "5"]
[White "Mudrak, Josef"]
[Black "Joyce, John"]
[Result "0-1"]
[WhiteTitle "FM"]
[WhiteElo "2353"]
[BlackElo "2271"]
[BlackICU "2235"]
[BlackClub "Bray/Greystones"]
[WhiteNationality "CZE"]
[BlackNationality "IRL"]
[WhiteFideId "301116"]
[BlackFideId "2500655"]
[BlackICUId "658"]
[PlyCount "68"]
[Venue "Kilmurry Lodge Hotel, Dublin Rd, N7, Castletroy, Limerick"]
[EventDate "2004.07.10"]
[Source "ICU games archive"]
[WhiteFullName "Mudr&aacute;k, Josef"]

{ Event information: <a
href="https://www.irlchess.com/irlch2004_allfiles/pairings_irlch2004.html">Tournament
report</a>. }

1. d4 f5 2. h3 Nf6 3. g4 d5 4. Qd3 c5 5. dxc5 Nc6 6. gxf5 e5 7. fxe6 Bxc5
8. Nf3 O-O 9. Bg2 Bxe6 10. O-O Qc8 11. Ng5 Bf5 12. e4 Bg6 13. Be3 Nb4 14.
Qd2 dxe4 15. Bxc5 Qxc5 16. Ne6 Qb6 17. Nxf8 Rxf8 18. Na3 Nbd5 19. Nc4 Qc7
20. b3 b5 21. Ne3 Nf4 22. Ng4 Nxg4 23. hxg4 Qc8 24. f3 Qc5+ 25. Kh1 e3 26.
Qe1 e2 27. Rg1 Be8 28. Qg3 Bc6 29. g5 Qe3 30. Kh2 Nxg2 31. Rxg2 Rxf3 32.
Qg4 Qe5+ 33. Rg3 Qxa1 34. Rxf3 Qe5+ 0-1

[Event "Irish Championship 2004"]
[Site "Limerick IRL"]
[Date "2004.07.14"]
[Round "5"]
[White "Ryan, Joe"]
[Black "Orr, Mark J. L."]
[Result "1/2-1/2"]
[WhiteTitle "FM"]
[BlackTitle "IM"]
[WhiteElo "2294"]
[BlackElo "2338"]
[WhiteICU "2316"]
[BlackICU "2273"]
[WhiteClub "Phibsboro"]
[BlackClub "Wandering Dragons SCO"]
[WhiteNationality "IRL"]
[BlackNationality "IRL"]
[WhiteFideId "2500426"]
[BlackFideId "2500035"]
[WhiteICUId "1525"]
[BlackICUId "1350"]
[PlyCount "150"]
[Venue "Kilmurry Lodge Hotel, Dublin Rd, N7, Castletroy, Limerick"]
[EventDate "2004.07.10"]
[Source "ICU games archive"]

{ Event information: <a
href="https://www.irlchess.com/irlch2004_allfiles/pairings_irlch2004.html">Tournament
report</a>. }

1. e4 c5 2. Nf3 g6 3. d4 Bg7 4. dxc5 Qa5+ 5. c3 Qxc5 6. Be3 Qc7 7. Bd4 e5
8. Be3 d6 9. Na3 Bd7 10. Nb5 Bxb5 11. Bxb5+ Nc6 12. O-O Ne7 13. Bc4 O-O 14.
Bg5 h6 15. Bxe7 Nxe7 16. Qd3 Kh7 17. Nd2 f5 18. Rad1 Rad8 19. Bd5 Rf6 20.
Kh1 f4 21. f3 g5 22. Qb5 b6 23. Bb3 Rg6 24. Bf7 Rf6 25. Bb3 h5 26. Nc4 g4
27. Rd3 g3 28. h3 Ng6 29. Rfd1 Bf8 30. a4 Rb8 31. Na3 Be7 32. Nc2 a5 33.
Na3 Nf8 34. Qc4 Ne6 35. Qxc7 Nxc7 36. Bd5 Na6 37. b3 Nc5 38. R3d2 Kg7 39.
Nb5 Rc8 40. Kg1 Kf8 41. Kf1 Kg7 42. Ke2 Kf8 43. Ra1 Rb8 44. Kd1 Kg7 45. Kc2
Rc8 46. Kb2 Nd7 47. b4 Nf8 48. Kb3 Ng6 49. Na3 Bd8 50. Nc4 Bc7 51. Bb7 Rd8
52. Bd5 Nh4 53. Kc2 Rg6 54. Kd3 Kf8 55. Rb1 Rb8 56. Bc6 Ke7 57. Rdb2 Rgg8
58. Bd5 Rgf8 59. Na3 b5 60. Nxb5 Rxb5 61. axb5 axb4 62. cxb4 Bb6 63. Rf1
Rc8 64. Bc6 Rc7 65. Ra2 Ra7 66. Rxa7+ Bxa7 67. Ra1 Bd4 68. Ra2 Kd8 69. Bd5
Kc7 70. Bc4 Bf2 71. Rxf2 gxf2 72. Ke2 Nxg2 73. Kxf2 Ne3 74. Bd3 h4 75. Ke2
Kb6 1/2-1/2

[Event "Irish Championship 2004"]
[Site "Limerick IRL"]
[Date "2004.07.14"]
[Round "5"]
[White "Wallace, Paul"]
[Black "Short, Philip"]
[Result "0-1"]
[BlackTitle "FM"]
[WhiteElo "2171"]
[BlackElo "2298"]
[WhiteICU "2211"]
[WhiteClub "Lichfield ENG"]
[WhiteNationality "IRL"]
[BlackNationality "IRL"]
[WhiteFideId "2500892"]
[BlackFideId "2500086"]
[WhiteICUId "5201"]
[BlackICUId "1557"]
[PlyCount "80"]
[Venue "Kilmurry Lodge Hotel, Dublin Rd, N7, Castletroy, Limerick"]
[EventDate "2004.07.10"]
[Source "ICU games archive"]

{ Event information: <a
href="https://www.irlchess.com/irlch2004_allfiles/pairings_irlch2004.html">Tournament
report</a>. }

1. e4 e6 2. d4 d5 3. Nd2 Be7 4. Bd3 c5 5. dxc5 Nf6 6. Qe2 O-O 7. Ngf3 Nc6
8. O-O Bxc5 9. e5 Nd7 10. Nb3 Be7 11. c3 Re8 12. Nbd4 Nf8 13. Bf4 Ng6 14.
Bg3 Bf8 15. h4 f5 16. h5 Nh8 17. Bh4 Be7 18. Bxe7 Qxe7 19. c4 dxc4 20. Bxc4
Nf7 21. Nxc6 bxc6 22. Qe3 Bd7 23. Rac1 c5 24. Ba6 Bc6 25. Nd2 Bd5 26. f4
Nh6 27. g3 Ng4 28. Qxc5 Qf7 29. Nf3 Qxh5 30. Nh4 h6 31. Bc4 Rac8 32. Qxc8
Rxc8 33. Bxd5 Re8 34. Bc6 Rd8 35. Bg2 g5 36. fxg5 hxg5 37. Nf3 Ne3 38. Rfe1
f4 39. Re2 Nxg2 40. Kxg2 g4 0-1

[Event "Irish Championship 2004"]
[Site "Limerick IRL"]
[Date "2004.07.14"]
[Round "5"]
[White "Walsh, Paul"]
[Black "Freeman, Gordon"]
[Result "0-1"]
[WhiteElo "2052"]
[BlackElo "2066"]
[WhiteICU "1991"]
[BlackICU "1956"]
[WhiteClub "Sarsfield"]
[BlackClub "Gonzaga"]
[WhiteNationality "IRL"]
[BlackNationality "IRL"]
[WhiteFideId "2501260"]
[BlackFideId "2501309"]
[WhiteICUId "3820"]
[BlackICUId "4153"]
[PlyCount "94"]
[Venue "Kilmurry Lodge Hotel, Dublin Rd, N7, Castletroy, Limerick"]
[EventDate "2004.07.10"]
[Source "ICU games archive"]

{ Event information: <a
href="https://www.irlchess.com/irlch2004_allfiles/pairings_irlch2004.html">Tournament
report</a>. }

1. e4 c5 2. Nf3 d6 3. c3 Nf6 4. Qe2 e6 5. g3 Be7 6. Bg2 Nc6 7. O-O O-O 8.
d3 b6 9. Re1 Ba6 10. Nbd2 Ng4 11. Nc4 Nge5 12. Nfd2 b5 13. Nxe5 dxe5 14.
Nf3 Qa5 15. Bf1 Rfd8 16. Be3 b4 17. c4 Rd7 18. h4 Rad8 19. Nd2 Bb7 20. Qg4
Kh8 21. Be2 Qc7 22. Rf1 a5 23. Rae1 a4 24. f4 exf4 25. gxf4 f5 26. Qh3 fxe4
27. Nxe4 Nd4 28. Bxd4 Rxd4 29. Qxe6 Bxh4 30. Rd1 Bc8 31. Qe5 Qf7 32. Bh5
Qe7 33. Nxc5 Qf8 34. Ne4 Rxd3 35. Rxd3 Rxd3 36. Be2 Re3 37. Qh5 Rxe4 38.
Bd3 g6 39. Qxh4 Rd4 40. Bxg6 Qg7 41. Qxh7+ Qxh7 42. Bxh7 Kxh7 43. b3 a3 44.
Rf2 Kg6 45. Rg2+ Kf5 46. Rg8 Bd7 47. Rb8 Rd2 0-1

[Event "Irish Championship 2004"]
[Site "Limerick IRL"]
[Date "2004.07.14"]
[Round "5"]
[White "White, Kevin"]
[Black "Brady, Stephen"]
[Result "0-1"]
[BlackTitle "FM"]
[WhiteElo "2045"]
[BlackElo "2365"]
[BlackICU "2365"]
[BlackClub "Phibsboro"]
[WhiteNationality "ENG"]
[BlackNationality "IRL"]
[WhiteFideId "410624"]
[BlackFideId "2500124"]
[BlackICUId "90"]
[PlyCount "44"]
[Venue "Kilmurry Lodge Hotel, Dublin Rd, N7, Castletroy, Limerick"]
[EventDate "2004.07.10"]
[Source "ICU games archive"]

{ Event information: <a
href="https://www.irlchess.com/irlch2004_allfiles/pairings_irlch2004.html">Tournament
report</a>. }

1. e4 e6 2. d3 d5 3. Nd2 Nf6 4. Ngf3 b6 5. c3 Be7 6. g3 dxe4 7. dxe4 O-O 8.
Bg2 Ba6 9. e5 Nfd7 10. c4 Nc6 11. Qa4 Nc5 12. Qc2 Nd3+ 13. Ke2 Ndxe5 14.
Rd1 Nd4+ 15. Nxd4 Qxd4 16. b3 Rad8 17. Bb2 Qg4+ 18. Nf3 Nxc4 19. bxc4 Bxc4+
20. Ke1 Bb5 21. Rxd8 Rxd8 22. Qxc7 Qe4# 0-1

[Event "Irish Championship 2004"]
[Site "Limerick IRL"]
[Date "2004.07.15"]
[Round "6"]
[White "Beveridge, Allan"]
[Black "Wallace, Paul"]
[Result "1/2-1/2"]
[WhiteElo "2138"]
[BlackElo "2171"]
[BlackICU "2211"]
[BlackClub "Lichfield ENG"]
[WhiteNationality "SCO"]
[BlackNationality "IRL"]
[WhiteFideId "2400995"]
[BlackFideId "2500892"]
[WhiteICUId "6750"]
[BlackICUId "5201"]
[PlyCount "85"]
[Venue "Kilmurry Lodge Hotel, Dublin Rd, N7, Castletroy, Limerick"]
[EventDate "2004.07.10"]
[Source "ICU games archive"]

{ Event information: <a
href="https://www.irlchess.com/irlch2004_allfiles/pairings_irlch2004.html">Tournament
report</a>. }

1. d4 Nf6 2. Nf3 g6 3. Bf4 Bg7 4. e3 c5 5. c3 b6 6. h3 O-O 7. Nbd2 d6 8. a4
Nc6 9. Be2 a6 10. O-O Rb8 11. Re1 cxd4 12. cxd4 Nb4 13. Qb3 a5 14. Rac1 Bd7
15. Nb1 b5 16. Bxb5 Bxb5 17. axb5 Rxb5 18. e4 Rb8 19. Bd2 Nd7 20. Na3 d5
21. e5 e6 22. Nc2 Qb6 23. Nxb4 axb4 24. Qa4 Qb7 25. b3 Rfe8 26. Qc6 Nf8 27.
Qxb7 Rxb7 28. Ra1 Nd7 29. Rec1 f6 30. exf6 Nxf6 31. Ra4 Bf8 32. Rc6 Ne4 33.
Be1 Bg7 34. Raa6 e5 35. dxe5 Bxe5 36. Nxe5 Rxe5 37. f3 Nc3 38. Bxc3 bxc3
39. Rxc3 Re1+ 40. Kf2 Rb1 41. Rd6 R1xb3 42. Rxb3 Rxb3 43. Rxd5 1/2-1/2

[Event "Irish Championship 2004"]
[Site "Limerick IRL"]
[Date "2004.07.15"]
[Round "6"]
[White "Fox, Anthony"]
[Black "Walsh, Paul"]
[Result "1/2-1/2"]
[WhiteElo "2123"]
[BlackElo "2052"]
[WhiteICU "2059"]
[BlackICU "1991"]
[WhiteClub "Dun Laoghaire"]
[BlackClub "Sarsfield"]
[WhiteNationality "IRL"]
[BlackNationality "IRL"]
[WhiteFideId "2500736"]
[BlackFideId "2501260"]
[WhiteICUId "456"]
[BlackICUId "3820"]
[PlyCount "82"]
[Venue "Kilmurry Lodge Hotel, Dublin Rd, N7, Castletroy, Limerick"]
[EventDate "2004.07.10"]
[Source "ICU games archive"]

{ Event information: <a
href="https://www.irlchess.com/irlch2004_allfiles/pairings_irlch2004.html">Tournament
report</a>. }

1. e4 c5 2. Nc3 d6 3. g3 Nc6 4. Bg2 g6 5. d3 Bg7 6. Be3 e5 7. Qd2 Nge7 8.
f4 O-O 9. Nf3 Nd4 10. O-O Bg4 11. Rf2 Bxf3 12. Bxf3 Qd7 13. Bg2 Rac8 14.
Raf1 b5 15. Nd1 exf4 16. Bxf4 d5 17. Bh6 dxe4 18. Bxg7 Kxg7 19. dxe4 Qe6
20. Qg5 h6 21. Qh4 Rcd8 22. Rf6 Qe5 23. Ne3 Ne6 24. Qxh6+ Kxh6 25. Ng4+ Kg7
26. Nxe5 Nf5 27. exf5 Kxf6 28. fxe6+ Kxe6 29. Nd3 c4 30. Nf4+ Ke5 31. Re1+
Kf5 32. Nd5 Rd6 33. h4 g5 34. Bh3+ Kg6 35. Ne7+ Kf6 36. Nf5 Rd2 37. Rf1 Kg6
38. Ne3 gxh4 39. gxh4 Rfd8 40. Rf3 Kh5 41. Bf1 Kxh4 1/2-1/2

[Event "Irish Championship 2004"]
[Site "Limerick IRL"]
[Date "2004.07.15"]
[Round "6"]
[White "Freeman, Gordon"]
[Black "Keogh, Eamon"]
[Result "1/2-1/2"]
[BlackTitle "NM"]
[WhiteElo "2066"]
[BlackElo "2123"]
[WhiteICU "1956"]
[BlackICU "1938"]
[WhiteClub "Gonzaga"]
[BlackClub "Kilkenny"]
[WhiteNationality "IRL"]
[WhiteFideId "2501309"]
[BlackFideId "2500264"]
[WhiteICUId "4153"]
[BlackICUId "731"]
[PlyCount "59"]
[Venue "Kilmurry Lodge Hotel, Dublin Rd, N7, Castletroy, Limerick"]
[EventDate "2004.07.10"]
[Source "ICU games archive"]

{ Event information: <a
href="https://www.irlchess.com/irlch2004_allfiles/pairings_irlch2004.html">Tournament
report</a>. }

1. e4 e5 2. Nf3 d6 3. Bc4 Bg4 4. h3 Bh5 5. Nc3 Nc6 6. Nxe5 Qg5 7. Ng4 Qc5
8. d3 O-O-O 9. Be3 Qa5 10. Qd2 Bxg4 11. hxg4 Ne5 12. Bb3 Nxg4 13. Bg5 f6
14. Bf4 Kb8 15. Bxg8 Rxg8 16. Rxh7 Nh6 17. Nd5 Qb5 18. Qc3 c6 19. Nxf6 gxf6
20. Qxf6 Qa5+ 21. Bd2 Qb6 22. Be3 Qa5+ 23. b4 Qxb4+ 24. c3 Qa5 25. Rb1 b5
26. Rxa7 Ng4 27. Qf7 Qxc3+ 28. Bd2 Qg7 29. Rb7+ Ka8 30. Ra7+ 1/2-1/2

[Event "Irish Championship 2004"]
[Site "Limerick IRL"]
[Date "2004.07.15"]
[Round "6"]
[White "Jessel, Stephen"]
[Black "McPhillips, Karl"]
[Result "1/2-1/2"]
[WhiteElo "2238"]
[BlackElo "2172"]
[WhiteICU "2065"]
[BlackICU "2099"]
[WhiteClub "Phibsboro"]
[BlackClub "Kilkenny"]
[WhiteNationality "IRL"]
[BlackNationality "IRL"]
[WhiteFideId "628859"]
[BlackFideId "2501503"]
[WhiteICUId "4790"]
[BlackICUId "5243"]
[PlyCount "84"]
[Venue "Kilmurry Lodge Hotel, Dublin Rd, N7, Castletroy, Limerick"]
[EventDate "2004.07.10"]
[Source "ICU games archive"]

{ Event information: <a
href="https://www.irlchess.com/irlch2004_allfiles/pairings_irlch2004.html">Tournament
report</a>. }

1. e4 c5 2. Nf3 Nc6 3. d4 cxd4 4. Nxd4 g6 5. c4 Nf6 6. Nc3 d6 7. Be2 Nxd4
8. Qxd4 Bg7 9. O-O O-O 10. Qd3 a6 11. a4 Nd7 12. a5 Nc5 13. Qc2 f5 14. Rb1
Nxe4 15. Nxe4 fxe4 16. b4 Bd7 17. Be3 Bc6 18. Bg4 Qe8 19. Be6+ Kh8 20. Rfc1
g5 21. g4 Qg6 22. Bf5 Qh6 23. Kg2 e6 24. Bxe4 d5 25. b5 axb5 26. cxb5 Be8
27. Bd3 d4 28. Bd2 Be5 29. h3 Qf6 30. Bb4 Qf3+ 31. Kg1 Rf6 32. Bf1 Bg6 33.
Qe2 Qxe2 34. Bxe2 d3 35. Bf1 d2 36. Bxd2 Bxb1 37. Rxb1 Bd4 38. Be1 Raf8 39.
Bg2 R8f7 40. a6 bxa6 41. bxa6 e5 42. Rb7 Rxa6 1/2-1/2

[Event "Irish Championship 2004"]
[Site "Limerick IRL"]
[Date "2004.07.15"]
[Round "6"]
[White "Jones, Gawain"]
[Black "Ryan, Joe"]
[Result "1/2-1/2"]
[WhiteTitle "FM"]
[BlackTitle "FM"]
[WhiteElo "2453"]
[BlackElo "2294"]
[BlackICU "2316"]
[BlackClub "Phibsboro"]
[WhiteNationality "ENG"]
[BlackNationality "IRL"]
[WhiteFideId "409561"]
[BlackFideId "2500426"]
[WhiteICUId "7685"]
[BlackICUId "1525"]
[PlyCount "69"]
[Venue "Kilmurry Lodge Hotel, Dublin Rd, N7, Castletroy, Limerick"]
[EventDate "2004.07.10"]
[Source "ICU games archive"]

{ Event information: <a
href="https://www.irlchess.com/irlch2004_allfiles/pairings_irlch2004.html">Tournament
report</a>. }

1. e4 e6 2. d3 d5 3. Qe2 Nf6 4. Nf3 Be7 5. g3 O-O 6. Bg2 c5 7. O-O Nc6 8.
e5 Ne8 9. c4 Nc7 10. Nc3 a6 11. h4 b5 12. b3 Bb7 13. Bf4 Ra7 14. Rad1 Qa8
15. cxd5 exd5 16. d4 Nxd4 17. Nxd4 cxd4 18. Rxd4 Ne6 19. Be3 Bc5 20. Rxd5
Bxe3 21. Qxe3 b4 22. Na4 Bxd5 23. Nb6 Qb8 24. Nxd5 Rd7 25. f4 Rfd8 26. f5
Rxd5 27. Bxd5 Rxd5 28. fxe6 fxe6 29. Qf4 h6 30. Qf7+ Kh8 31. Qxe6 Qxe5 32.
Rf8+ Kh7 33. Qg8+ Kg6 34. Qf7+ Kh7 35. Qg8+ 1/2-1/2

[Event "Irish Championship 2004"]
[Site "Limerick IRL"]
[Date "2004.07.15"]
[Round "6"]
[White "Joyce, John"]
[Black "Brady, Stephen"]
[Result "1-0"]
[BlackTitle "FM"]
[WhiteElo "2271"]
[BlackElo "2365"]
[WhiteICU "2235"]
[BlackICU "2365"]
[WhiteClub "Bray/Greystones"]
[BlackClub "Phibsboro"]
[WhiteNationality "IRL"]
[BlackNationality "IRL"]
[WhiteFideId "2500655"]
[BlackFideId "2500124"]
[WhiteICUId "658"]
[BlackICUId "90"]
[PlyCount "79"]
[Venue "Kilmurry Lodge Hotel, Dublin Rd, N7, Castletroy, Limerick"]
[EventDate "2004.07.10"]
[Source "ICU games archive"]

{ Event information: <a
href="https://www.irlchess.com/irlch2004_allfiles/pairings_irlch2004.html">Tournament
report</a>. }

1. Nf3 Nf6 2. d4 e6 3. e3 c5 4. Bd3 b6 5. b3 Be7 6. Bb2 Bb7 7. Nbd2 O-O 8.
O-O Nc6 9. a3 Rc8 10. Qe2 Qc7 11. dxc5 bxc5 12. e4 Ng4 13. e5 f6 14. Qe4 f5
15. Qe2 Na5 16. Rfe1 Rb8 17. Nc4 Nxc4 18. Bxc4 Be4 19. Rad1 Rfd8 20. Bc3
Bc6 21. a4 Kh8 22. Bd3 Rf8 23. Bb5 Bd5 24. Bc4 Bc6 25. Bb5 Bd5 26. Rd2 Rf7
27. Red1 Bd8 28. Rxd5 exd5 29. Rxd5 Qc8 30. h3 Nh6 31. Qd2 c4 32. Bxd7 Qb7
33. e6 Re7 34. Rb5 Bb6 35. Qxh6 Qe4 36. Ng5 Qe1+ 37. Bxe1 gxh6 38. Bc3+ Kg8
39. Nf7 Kf8 40. Rxf5 1-0

[Event "Irish Championship 2004"]
[Site "Limerick IRL"]
[Date "2004.07.15"]
[Round "6"]
[White "Short, Philip"]
[Black "Orr, Mark J. L."]
[Result "1-0"]
[WhiteTitle "FM"]
[BlackTitle "IM"]
[WhiteElo "2298"]
[BlackElo "2338"]
[BlackICU "2273"]
[BlackClub "Wandering Dragons SCO"]
[WhiteNationality "IRL"]
[BlackNationality "IRL"]
[WhiteFideId "2500086"]
[BlackFideId "2500035"]
[WhiteICUId "1557"]
[BlackICUId "1350"]
[PlyCount "147"]
[Venue "Kilmurry Lodge Hotel, Dublin Rd, N7, Castletroy, Limerick"]
[EventDate "2004.07.10"]
[Source "ICU games archive"]

{ Event information: <a
href="https://www.irlchess.com/irlch2004_allfiles/pairings_irlch2004.html">Tournament
report</a>. }

1. d4 d5 2. Nf3 Nf6 3. c4 c6 4. Nc3 dxc4 5. a4 Na6 6. e4 Bg4 7. Bxc4 Bxf3
8. Qxf3 Qxd4 9. Bxa6 bxa6 10. O-O e6 11. Rd1 Qb6 12. Bg5 Be7 13. Rac1 Qb7
14. e5 Nd5 15. Ne4 O-O 16. Bxe7 Nxe7 17. Qe2 Ng6 18. Nd6 Qb3 19. Rxc6 Nxe5
20. Rxa6 Ng6 21. Rd3 Qa2 22. g3 Rab8 23. Nb5 Rfc8 24. Rd1 Qb3 25. Rxa7 Rc2
26. Rd2 Rc1+ 27. Kg2 Qa2 28. Qf3 Ne5 29. Ra8 Rcc8 30. Rxb8 Rxb8 31. Qe4 Ng6
32. Nc3 Qb3 33. a5 h6 34. h4 Nf8 35. Qc6 Qb4 36. Qa4 Qxa4 37. Nxa4 Rb5 38.
b4 Rxb4 39. Ra2 Nd7 40. a6 Rb8 41. a7 Ra8 42. Nc3 Nb6 43. Rb2 Rxa7 44. Rxb6
h5 45. Ne4 g6 46. Kf3 Kg7 47. Kf4 Rd7 48. Rb5 Rc7 49. Ke5 Ra7 50. Rc5 Rb7
51. Ra5 Rc7 52. Nc5 Rc8 53. Ne4 Rc7 54. Ra2 Rb7 55. Rc2 Ra7 56. f3 Ra5+ 57.
Kf4 Ra7 58. Rd2 Rb7 59. Ke3 Ra7 60. f4 Kf8 61. Nc5 Rc7 62. Nd7+ Ke8 63. Ne5
Rb7 64. Kf3 Rb3+ 65. Rd3 Rb7 66. Nc6 Kf8 67. Rd8+ Kg7 68. Ne5 Rb3+ 69. Rd3
Rb8 70. Rd7 Rf8 71. g4 Kg8 72. g5 Kg7 73. Ke3 Kg8 74. Nc6 1-0

[Event "Irish Championship 2004"]
[Site "Limerick IRL"]
[Date "2004.07.16"]
[Round "7"]
[White "Brady, Stephen"]
[Black "Mudrak, Josef"]
[Result "1-0"]
[WhiteTitle "FM"]
[BlackTitle "FM"]
[WhiteElo "2365"]
[BlackElo "2353"]
[WhiteICU "2365"]
[WhiteClub "Phibsboro"]
[WhiteNationality "IRL"]
[BlackNationality "CZE"]
[WhiteFideId "2500124"]
[BlackFideId "301116"]
[WhiteICUId "90"]
[PlyCount "79"]
[Venue "Kilmurry Lodge Hotel, Dublin Rd, N7, Castletroy, Limerick"]
[EventDate "2004.07.10"]
[Source "ICU games archive"]
[BlackFullName "Mudr&aacute;k, Josef"]

{ Event information: <a
href="https://www.irlchess.com/irlch2004_allfiles/pairings_irlch2004.html">Tournament
report</a>. }

1. e4 c5 2. c3 d6 3. d4 Qc7 4. Bd3 e5 5. Ne2 g6 6. Na3 a6 7. O-O Bg7 8. b4
Ne7 9. bxc5 dxc5 10. dxe5 Bxe5 11. f4 Bg7 12. Nc4 Nd7 13. f5 Be5 14. Nxe5
Nxe5 15. Bf4 Bd7 16. Bc4 O-O-O 17. Qb3 f6 18. fxg6 hxg6 19. Rab1 Bc6 20.
Bxa6 c4 21. Bxc4 Bxe4 22. Be6+ Kb8 23. Nd4 N7c6 24. Rbd1 Rh7 25. Nxc6+ Bxc6
26. Rxd8+ Qxd8 27. Rd1 Qc7 28. Bd5 Rh8 29. Bxc6 Qxc6 30. Qb4 Rc8 31. Rd6
Qe8 32. Rxf6 Rd8 33. Qe4 Ka7 34. Qxe5 Qa4 35. h3 Qxa2 36. Kh2 Rc8 37. Rxg6
Qa4 38. Rg5 b6 39. Rg7+ Ka6 40. Qe2+ 1-0

[Event "Irish Championship 2004"]
[Site "Limerick IRL"]
[Date "2004.07.16"]
[Round "7"]
[White "Joyce, John"]
[Black "Jones, Gawain"]
[Result "0-1"]
[BlackTitle "FM"]
[WhiteElo "2271"]
[BlackElo "2453"]
[WhiteICU "2235"]
[WhiteClub "Bray/Greystones"]
[WhiteNationality "IRL"]
[BlackNationality "ENG"]
[WhiteFideId "2500655"]
[BlackFideId "409561"]
[WhiteICUId "658"]
[BlackICUId "7685"]
[PlyCount "66"]
[Venue "Kilmurry Lodge Hotel, Dublin Rd, N7, Castletroy, Limerick"]
[EventDate "2004.07.10"]
[Source "ICU games archive"]

{ Event information: <a
href="https://www.irlchess.com/irlch2004_allfiles/pairings_irlch2004.html">Tournament
report</a>. }

1. d4 Nf6 2. c4 c5 3. e3 cxd4 4. exd4 e6 5. Nc3 Bb4 6. Nf3 Ne4 7. Bd2 Bxc3
8. bxc3 b6 9. Bd3 Bb7 10. O-O O-O 11. Qe2 Nxd2 12. Nxd2 Qc7 13. Rae1 Nc6
14. Qh5 f5 15. Re3 Rf6 16. f4 Ne7 17. Qe2 b5 18. Rf2 bxc4 19. Bxc4 Rc8 20.
Re5 Qb8 21. Nb3 Ng6 22. Rb5 Qa8 23. Nc5 Bc6 24. Rb2 Kh8 25. Ba6 Rb8 26.
Rxb8+ Qxb8 27. Qb2 Rf8 28. Qxb8 Rxb8 29. g3 Kg8 30. Bf1 Rb1 31. Nd3 Bb5 32.
Rd2 Ne7 33. Rb2 Bxd3 0-1